[Event "Landesklasse Ost 2025/26"]
[Site "?"]
[Date "2025.11.23"]
[Round "3.6"]
[White "Weber, Jakob"]
[Black "Marufke, Kai"]
[Result "0-1"]
[WhiteElo "1581"]
[BlackElo "1654"]
[WhiteFideId "-1"]
[BlackFideId "-1"]
[PlyCount "64"]
[GameId "551671923871"]
[EventDate "2025.09.14"]
[EventType "team-tourn"]
[EventRounds "9"]
[SourceTitle "Thueringer Schachbund"]
[Source "ThSB"]
[SourceDate "2025.09.14"]
[SourceVersion "1"]
[SourceVersionDate "2025.09.14"]
[SourceQuality "1"]
[WhiteTeam "ESV Lok Sömmerda"]
[BlackTeam "SG Arnstadt-Stadtilm"]

1. d4 f5 2. Bf4 Nf6 3. e3 e6 4. c4 Be7 5. Nc3 d5 6. Bd3 c6 7. Qc2 Nbd7 8. cxd5 cxd5 9. Nb5 Qa5+ 10. Ke2 Kf7 11. Nc7 Nb6 12. Nxa8 Nxa8 13. Nf3 Rf8 14. Rhc1 Ne4 15. a3 Qd8 16. Bc7 Qe8 17. Ne5+ Kg8 18. Nf3 Bd7 19. Bg3 g5 20. Ne5 f4 21. Bxe4 dxe4 22. Nxd7 Qxd7 23. Qxe4 fxg3 24. hxg3 Qb5+ 25. Ke1 Qxb2 26. Qxe6+ Rf7 27. Rc8+ Kg7 28. Rac1 Qxf2+ 29. Kd1 Qxg2 30. Qe5+ Kh6 31. R8c6+ bxc6 32. Rxc6+ Qxc6 0-1

[Event "Landesklasse Ost 2025/26"]
[Site "?"]
[Date "2025.11.23"]
[Round "3.7"]
[White "Feuerpfeil, Tyler Joel"]
[Black "Vetter, Udo"]
[Result "1/2-1/2"]
[WhiteElo "1606"]
[BlackElo "1514"]
[WhiteFideId "-1"]
[BlackFideId "-1"]
[PlyCount "56"]
[GameId "551684747599"]
[EventDate "2025.09.14"]
[EventType "team-tourn"]
[EventRounds "9"]
[SourceTitle "Thueringer Schachbund"]
[Source "ThSB"]
[SourceDate "2025.09.14"]
[SourceVersion "1"]
[SourceVersionDate "2025.09.14"]
[SourceQuality "1"]
[WhiteTeam "SG Arnstadt-Stadtilm"]
[BlackTeam "ESV Lok Sömmerda"]

1. d4 Nf6 2. Nf3 d5 3. c4 c6 4. cxd5 cxd5 5. Nc3 Nc6 6. Bg5 e6 7. e3 Be7 8. Bd3 Bd7 9. O-O O-O 10. a3 a6 11. Qc2 h6 12. Bh4 Rc8 13. h3 b5 14. Rfc1 Qb6 15. Ne5 Qd8 16. Nxd7 Qxd7 17. Qe2 Na5 18. Rc2 Rc7 19. Qd1 Rfc8 20. Ne2 Rxc2 21. Bxc2 Nc4 22. Bxf6 Bxf6 23. b3 Nd6 24. a4 g6 25. Bd3 Qb7 26. Rb1 b4 27. Rc1 a5 28. Rc5 Rxc5 1/2-1/2

[Event "Landesklasse Ost 2025/26"]
[Site "?"]
[Date "2025.11.23"]
[Round "3.8"]
[White "Schrödter, Sascha"]
[Black "Scheller, Thomas"]
[Result "1-0"]
[WhiteElo "1337"]
[BlackElo "1594"]
[WhiteFideId "-1"]
[BlackFideId "-1"]
[PlyCount "125"]
[GameId "551685582981"]
[EventDate "2025.09.14"]
[EventType "team-tourn"]
[EventRounds "9"]
[SourceTitle "Thueringer Schachbund"]
[Source "ThSB"]
[SourceDate "2025.09.14"]
[SourceVersion "1"]
[SourceVersionDate "2025.09.14"]
[SourceQuality "1"]
[WhiteTeam "ESV Lok Sömmerda"]
[BlackTeam "SG Arnstadt-Stadtilm"]

1. e4 c6 2. d4 d5 3. exd5 cxd5 4. Nf3 Nf6 5. c3 Nc6 6. Bg5 e6 7. Bb5 Be7 8. Ne5 Bd7 9. Nxd7 Nxd7 10. Bxe7 Qxe7 11. O-O a6 12. Bd3 Nf6 13. Nd2 O-O 14. b4 Na7 15. a4 Rfc8 16. Rc1 Rc7 17. Nb3 Nc8 18. Nc5 Nd6 19. Qe2 Qe8 20. Qe5 Qd8 21. h3 b5 22. a5 Nde8 23. Rfe1 Qd6 24. Qg5 h6 25. Qh4 Qf8 26. Re5 Re7 27. Rce1 g5 28. Qg3 Qg7 29. Bf5 Nc7 30. Qf3 Ree8 31. Bg4 Nxg4 32. Qxg4 Qg6 33. h4 f5 34. Qg3 g4 35. f3 h5 36. fxg4 hxg4 37. Qf4 Kf7 38. g3 Re7 39. Qe3 Rae8 40. Nb7 Rd7 41. Nc5 Rde7 42. Nd3 Rh8 43. Kg2 Qf6 44. Rf1 Ke8 45. Rf4 Kd7 46. Qe2 Rg8 47. Nc5+ Kd6 48. Nxa6 Nxa6 49. Qxb5 Nc7 50. Qb6+ Kd7 51. b5 Ke8 52. Qc6+ Kf7 53. b6 Na6 54. Qb5 Nb8 55. a6 Nxa6 56. Qxa6 Rb8 57. c4 dxc4 58. Rc5 Kg6 59. Rc7 Qf7 60. Rc6 Kg7 61. Qxc4 Rbb7 62. Qd3 Kg6 63. Rxg4+ 1-0

[Event "Landesklasse Ost 2025/26"]
[Site "?"]
[Date "2025.11.23"]
[Round "3.1"]
[White "Albrecht, Jürgen"]
[Black "Tobal, Elias"]
[Result "1/2-1/2"]
[WhiteElo "1988"]
[BlackElo "1951"]
[WhiteFideId "-1"]
[BlackFideId "-1"]
[PlyCount "41"]
[GameId "551274213313"]
[EventDate "2025.09.14"]
[EventType "team-tourn"]
[EventRounds "9"]
[SourceTitle "Thueringer Schachbund"]
[Source "ThSB"]
[SourceDate "2025.09.14"]
[SourceVersion "1"]
[SourceVersionDate "2025.09.14"]
[SourceQuality "1"]
[WhiteTeam "SSV Vimaria 91 Weimar 2"]
[BlackTeam "SC Turm Erfurt"]

{[%evp 0,41,72,6,61,84,115,86,87,91,65,91,120,71,125,54,86,45,37,31,48,3,32,52,28,28,28,-16,25,25,19,-117,149,121,208,135,144,166,194,123,215,136,136,123]} 1. e4 c5 2. Nf3 d6 3. d4 cxd4 4. Nxd4 Nf6 5. Nc3 a6 6. Bg5 e6 7. f4 Be7 8. Qe2 Nbd7 9. O-O-O Qc7 10. g4 b5 11. Bg2 Bb7 12. e5 dxe5 13. fxe5 Nd5 14. Bxe7 Nxe7 15. Ndxb5 axb5 16. Nxb5 Qa5 17. Nd6+ Kf8 18. Bxb7 Rb8 19. Nc4 Qc7 20. Bg2 Ng6 21. Rhf1 1/2-1/2

[Event "Landesklasse Ost 2025/26"]
[Site "?"]
[Date "2025.11.23"]
[Round "3.2"]
[White "McLeod, Andrew"]
[Black "Kölpin, Arvid"]
[Result "0-1"]
[WhiteElo "1919"]
[BlackElo "1986"]
[WhiteFideId "-1"]
[BlackFideId "-1"]
[PlyCount "98"]
[GameId "551274213430"]
[EventDate "2025.09.14"]
[EventType "team-tourn"]
[EventRounds "9"]
[SourceTitle "Thueringer Schachbund"]
[Source "ThSB"]
[SourceDate "2025.09.14"]
[SourceVersion "1"]
[SourceVersionDate "2025.09.14"]
[SourceQuality "1"]
[WhiteTeam "SC Turm Erfurt"]
[BlackTeam "SSV Vimaria 91 Weimar 2"]

{[%evp 0,98,16,18,100,-11,46,38,32,21,45,20,23,-1,72,-6,-6,-21,-19,-124,-90,-141,-141,-173,-112,-109,-9,-50,-38,-41,-1,-41,-10,-44,-44,-44,-44,39,39,64,98,29,12,-11,-11,-11,-4,15,12,12,17,17,11,17,21,30,4,34,34,-12,-2,-15,-15,-6,15,-17,-8,-14,-13,-51,-35,-53,-20,-32,-40,-34,-34,-41,-38,-44,-44,-105,-97,-107,-89,-113,-92,-98,-89,-139,-89,-194,-305,-300,-377,-391,-428,-456,-1024,-980,-1003]} 1. e4 c5 2. c3 Nf6 3. e5 Nd5 4. Nf3 d6 5. Bb5+ Nc6 6. O-O e6 7. Re1 Bd7 8. Bc4 dxe5 9. Nxe5 Nxe5 10. Rxe5 Bd6 11. Re1 Bc6 12. d4 Qh4 13. g3 Qh3 14. Bf1 Qf5 15. Bd3 Qf6 16. c4 Ne7 17. d5 exd5 18. cxd5 Bxd5 19. Bb5+ Kf8 20. Nc3 Bf3 21. Ne4 Bxd1 22. Nxf6 Bf3 23. Ne4 Bxe4 24. Rxe4 a6 25. Bf1 Nc6 26. Be3 Re8 27. Bg2 Rxe4 28. Bxe4 Ke7 29. Bxc6 bxc6 30. Rc1 Rb8 31. b3 Rb5 32. Rc4 Ke6 33. Bd2 Kd5 34. Kf1 Be5 35. Ke2 Rb7 36. Be3 Bd4 37. Kd3 Bxe3 38. fxe3 Rb4 39. e4+ Kd6 40. Ke3 Rxc4 41. bxc4 Ke5 42. Kd3 h5 43. Ke3 g5 44. h3 a5 45. a4 h4 46. gxh4 gxh4 47. Kf3 Kd4 48. Kg4 Kxc4 49. Kxh4 Kd3 0-1

[Event "Landesklasse Ost 2025/26"]
[Site "?"]
[Date "2025.11.23"]
[Round "3.3"]
[White "Günther, Arthur"]
[Black "Strohner, Maximilian"]
[Result "1/2-1/2"]
[WhiteElo "1871"]
[BlackElo "1802"]
[WhiteFideId "-1"]
[BlackFideId "-1"]
[PlyCount "42"]
[GameId "551385296330"]
[EventDate "2025.09.14"]
[EventType "team-tourn"]
[EventRounds "9"]
[SourceTitle "Thueringer Schachbund"]
[Source "ThSB"]
[SourceDate "2025.09.14"]
[SourceVersion "1"]
[SourceVersionDate "2025.09.14"]
[SourceQuality "1"]
[WhiteTeam "SSV Vimaria 91 Weimar 2"]
[BlackTeam "SC Turm Erfurt"]

{[%evp 0,42,18,41,18,41,17,21,16,5,32,-4,-13,4,9,-12,-12,1,-3,-19,12,-12,-5,-25,-11,-20,-27,-54,-54,-74,-61,-63,-35,-35,-28,-72,-49,-44,-60,-60,-60,-70,-61,-68,-48]} 1. d4 d5 2. Nf3 e6 3. e3 Nf6 4. Bd3 c5 5. b3 Nc6 6. O-O Bd6 7. Bb2 cxd4 8. exd4 O-O 9. Ne5 Qc7 10. f4 Ne4 11. Nd2 f6 12. Nxc6 Qxc6 13. Nxe4 dxe4 14. Bc4 b5 15. Be2 Rd8 16. a4 b4 17. Rc1 Ba6 18. c3 Bxe2 19. Qxe2 bxc3 20. Rxc3 Qd5 21. Rc4 Rac8 1/2-1/2

[Event "Landesklasse Ost 2025/26"]
[Site "?"]
[Date "2025.11.23"]
[Round "3.4"]
[White "Schade, Holger"]
[Black "Günther, Andreas"]
[Result "1/2-1/2"]
[WhiteElo "1766"]
[BlackElo "2079"]
[WhiteFideId "-1"]
[BlackFideId "-1"]
[PlyCount "48"]
[GameId "551385296331"]
[EventDate "2025.09.14"]
[EventType "team-tourn"]
[EventRounds "9"]
[SourceTitle "Thueringer Schachbund"]
[Source "ThSB"]
[SourceDate "2025.09.14"]
[SourceVersion "1"]
[SourceVersionDate "2025.09.14"]
[SourceQuality "1"]
[WhiteTeam "SC Turm Erfurt"]
[BlackTeam "SSV Vimaria 91 Weimar 2"]

{[%evp 0,48,41,17,92,102,58,56,63,-20,7,8,28,-4,-10,-36,0,6,10,10,-13,-21,9,-21,-21,-56,-61,-53,-59,-174,-165,-165,-116,-154,-151,-151,-75,-82,-57,-59,-57,-44,-79,-79,-78,-76,-38,-77,-64,-34,-8]} 1. d4 f5 2. e3 e6 3. c3 d5 4. f4 Nf6 5. Nf3 Be7 6. Bd3 O-O 7. O-O c5 8. Nbd2 Nc6 9. Ne5 Nxe5 10. fxe5 Ne4 11. Nxe4 fxe4 12. Bc2 Bd7 13. b3 Rc8 14. a4 Rxf1+ 15. Kxf1 cxd4 16. cxd4 Qc7 17. Ra2 b6 18. Kg1 Bg5 19. Bd2 Rf8 20. Bb1 Bc8 21. Qe2 Qf7 22. b4 a5 23. b5 Bd7 24. Rc2 Rc8 1/2-1/2

[Event "Landesklasse Ost 2025/26"]
[Site "?"]
[Date "2025.11.23"]
[Round "3.5"]
[White "Gulich, Christian"]
[Black "Stöcklein, Paul"]
[Result "1-0"]
[WhiteElo "1905"]
[BlackElo "1749"]
[WhiteFideId "-1"]
[BlackFideId "-1"]
[PlyCount "99"]
[GameId "551385296332"]
[EventDate "2025.09.14"]
[EventType "team-tourn"]
[EventRounds "9"]
[SourceTitle "Thueringer Schachbund"]
[Source "ThSB"]
[SourceDate "2025.09.14"]
[SourceVersion "1"]
[SourceVersionDate "2025.09.14"]
[SourceQuality "1"]
[WhiteTeam "SSV Vimaria 91 Weimar 2"]
[BlackTeam "SC Turm Erfurt"]

{[%evp 0,99,18,16,53,53,61,42,42,-52,-10,-62,-49,-91,-98,-35,-19,14,2,2,9,45,60,38,20,20,20,15,15,13,13,13,13,13,80,45,49,52,48,56,35,44,84,55,99,-19,129,80,111,97,123,33,179,142,248,173,173,173,173,137,137,147,147,132,261,231,412,387,387,365,365,327,396,344,344,354,354,354,354,279,272,266,266,323,323,325,325,99,142,132,195,162,162,225,225,267,267,288,308,336,441,389]} 1. e4 e5 2. Nf3 Nc6 3. d4 exd4 4. Bc4 Nf6 5. O-O Nxe4 6. Re1 d5 7. Bxd5 Qxd5 8. Nc3 Qh5 9. Nxe4 Be6 10. Bg5 Bb4 11. c3 dxc3 12. bxc3 Be7 13. Bxe7 Nxe7 14. Neg5 O-O 15. Nxe6 fxe6 16. Rxe6 Qf7 17. Qb3 Ng6 18. Rae1 b6 19. Rc6 Qxb3 20. axb3 Rfc8 21. Nd4 a6 22. f4 Kf7 23. f5 Ne7 24. Rce6 Re8 25. g4 c5 26. Nf3 b5 27. Ne5+ Kf8 28. Nd7+ Kf7 29. Ne5+ Kf8 30. Nd7+ Kf7 31. Nxc5 a5 32. Ne4 Nxf5 33. Ng5+ Kf8 34. Nxh7+ Kf7 35. Ng5+ Kf8 36. Nh7+ Kf7 37. Ng5+ Kf8 38. gxf5 a4 39. bxa4 bxa4 40. Nh7+ Kf7 41. Ng5+ Kf8 42. Rxe8+ Rxe8 43. Rxe8+ Kxe8 44. Ne4 Ke7 45. Kf2 a3 46. Nd2 Kf6 47. Ke3 Kxf5 48. Kd4 Kg4 49. c4 Kh3 50. Kc3 1-0

[Event "Landesklasse Ost 2025/26"]
[Site "?"]
[Date "2025.11.23"]
[Round "3.6"]
[White "Müller, Winfried"]
[Black "Homberger, Jan"]
[Result "0-1"]
[WhiteElo "1631"]
[BlackElo "1887"]
[WhiteFideId "-1"]
[BlackFideId "-1"]
[PlyCount "100"]
[GameId "551385296333"]
[EventDate "2025.09.14"]
[EventType "team-tourn"]
[EventRounds "9"]
[SourceTitle "Thueringer Schachbund"]
[Source "ThSB"]
[SourceDate "2025.09.14"]
[SourceVersion "1"]
[SourceVersionDate "2025.09.14"]
[SourceQuality "1"]
[WhiteTeam "SC Turm Erfurt"]
[BlackTeam "SSV Vimaria 91 Weimar 2"]

{[%evp 0,100,17,18,88,88,88,87,91,78,91,91,94,68,125,50,60,40,70,48,36,6,50,25,8,-6,42,66,83,82,85,66,50,43,43,19,19,19,33,33,73,45,62,62,69,6,18,4,4,4,32,20,18,-3,20,34,34,34,57,41,52,21,38,45,45,-8,1,-7,-7,3,14,17,10,10,17,-37,-31,-61,-37,-49,-6,-53,-86,-67,-48,-67,-52,-86,-12,-78,-86,-92,-65,-69,-78,-84,-78,-86,-65,-103,-149,-207,-229]} 1. e4 c5 2. Nf3 d6 3. d4 cxd4 4. Nxd4 Nf6 5. Nc3 a6 6. Bg5 e6 7. f4 Be7 8. Qf3 Qc7 9. O-O-O Nbd7 10. Bd3 b5 11. Rhe1 Bb7 12. Qg3 Nc5 13. e5 dxe5 14. fxe5 Nh5 15. Qh4 g6 16. Bxe7 Qxe7 17. Qxe7+ Kxe7 18. Be4 Nxe4 19. Nxe4 Bxe4 20. Rxe4 Rac8 21. g4 Ng7 22. Nf3 Rhd8 23. Red4 Rxd4 24. Rxd4 Rc6 25. Kd2 Ne8 26. c3 Nc7 27. g5 Nd5 28. Rh4 a5 29. a3 b4 30. cxb4 axb4 31. axb4 Rb6 32. Rc4 Kd7 33. Rh4 Rxb4 34. Rxb4 Nxb4 35. Kc3 Nd5+ 36. Kc4 Kc6 37. b4 Nb6+ 38. Kb3 Kd5 39. Nd2 Kd4 40. b5 Kc5 41. Kc3 Nd5+ 42. Kd3 Kxb5 43. Kd4 Nf4 44. Ke3 Nd5+ 45. Kd4 Kc6 46. Kc4 Ne3+ 47. Kd4 Nf5+ 48. Ke4 h6 49. h4 h5 50. Nf3 Kc5 0-1

[Event "Landesklasse Ost 2025/26"]
[Site "?"]
[Date "2025.11.23"]
[Round "3.7"]
[White "Reichardt, Albert"]
[Black "Boroshnev, Dmytro"]
[Result "1/2-1/2"]
[WhiteElo "1784"]
[BlackElo "1861"]
[WhiteFideId "-1"]
[BlackFideId "-1"]
[PlyCount "84"]
[GameId "551385296345"]
[EventDate "2025.09.14"]
[EventType "team-tourn"]
[EventRounds "9"]
[SourceTitle "Thueringer Schachbund"]
[Source "ThSB"]
[SourceDate "2025.09.14"]
[SourceVersion "1"]
[SourceVersionDate "2025.09.14"]
[SourceQuality "1"]
[WhiteTeam "SSV Vimaria 91 Weimar 2"]
[BlackTeam "SC Turm Erfurt"]

{[%evp 0,84,18,18,100,76,107,91,79,49,91,64,68,77,63,30,44,-9,-20,-23,-11,-3,8,-11,-3,-9,27,-16,-12,-77,-55,-81,-59,-68,-59,-58,-39,-40,-23,-33,-15,-23,-10,-10,-26,-18,-20,-56,-34,-49,-57,-51,-42,-101,-28,-34,-7,-7,-3,-27,-34,-18,-45,-60,-42,-86,-77,-77,-77,-104,-76,-96,-59,-84,-47,-62,-73,-65,-64,-107,13,-3,-3,-329,-338,-29997,-163]} 1. e4 c5 2. Nf3 d6 3. d4 cxd4 4. Nxd4 Nf6 5. Nc3 a6 6. f3 e5 7. Nde2 Be6 8. Nd5 Bxd5 9. exd5 Be7 10. Be3 Nbd7 11. Qd2 Rc8 12. Rc1 b5 13. b3 Nb6 14. Bxb6 Qxb6 15. c4 O-O 16. Nc3 bxc4 17. Bxc4 Nh5 18. Qf2 Qa5 19. O-O Bg5 20. Rc2 f5 21. g3 Bf6 22. Ne2 Bd8 23. Kg2 Bb6 24. Qe1 Qa3 25. Qd2 f4 26. Qd3 Be3 27. Nc3 a5 28. Ne4 h6 29. Re1 Qb4 30. Rce2 Rc7 31. Kh1 Bd4 32. g4 Nf6 33. Nxf6+ Rxf6 34. h4 g6 35. Qe4 Be3 36. Kh2 Kg7 37. h5 gxh5 38. gxh5 Kf8 39. a3 Qb7 40. Rg2 Rg7 41. Rxg7 Qxg7 42. Re2 Qf7 1/2-1/2

[Event "Landesklasse Ost 2025/26"]
[Site "?"]
[Date "2025.11.23"]
[Round "3.8"]
[White "Grüner, Nico"]
[Black "Brüning, Gerrit"]
[Result "1-0"]
[WhiteElo "1627"]
[BlackElo "1744"]
[WhiteFideId "-1"]
[BlackFideId "-1"]
[PlyCount "113"]
[GameId "551385296346"]
[EventDate "2025.09.14"]
[EventType "team-tourn"]
[EventRounds "9"]
[SourceTitle "Thueringer Schachbund"]
[Source "ThSB"]
[SourceDate "2025.09.14"]
[SourceVersion "1"]
[SourceVersionDate "2025.09.14"]
[SourceQuality "1"]
[WhiteTeam "SC Turm Erfurt"]
[BlackTeam "SSV Vimaria 91 Weimar 2"]

{[%evp 0,113,41,17,69,21,32,44,52,24,47,32,53,42,70,48,48,28,55,58,41,-6,-8,-13,-6,-11,-27,-29,-52,-94,-47,-52,-52,-67,-125,-144,-148,-201,-143,-162,-172,-215,-151,-185,-197,-177,-199,-199,-196,-177,-176,-182,-200,-191,-200,-431,-431,-480,-454,-492,-479,-568,-531,-548,-401,-458,-447,-496,-461,-581,-547,-621,-529,-612,-507,-541,-541,-559,-445,-491,-533,-563,-391,-391,-122,0,130,103,103,93,102,9,41,95,95,82,117,95,172,105,82,66,80,67,55,41,39,26,120,20,20,33,78,78,408,408]} 1. d4 f5 2. c4 Nf6 3. Nc3 e6 4. Nf3 Bb4 5. Bd2 O-O 6. e3 b6 7. Be2 Bb7 8. O-O c5 9. a3 Bxc3 10. bxc3 Nc6 11. Qc2 Ne4 12. Rfd1 Na5 13. Be1 Ba6 14. d5 Qe7 15. dxe6 Qxe6 16. Nd2 Nxd2 17. Rxd2 Bxc4 18. Bf3 d5 19. Rad1 Rad8 20. Qb2 Nc6 21. g3 Ne5 22. Bg2 Rd7 23. Kh1 Rfd8 24. Qc2 Nf7 25. h4 Ne5 26. Bh3 Ng4 27. f3 Nxe3 28. Qb1 Nxd1 29. Rxd1 g6 30. Bf2 Qe2 31. Kg2 Qa2 32. Qc1 Re7 33. Qg5 Rde8 34. Rd2 Qb1 35. h5 Kg7 36. g4 Bf1+ 37. Kg3 Bxh3 38. Kxh3 fxg4+ 39. fxg4 Re5 40. h6+ Kf7 41. Qf4+ Ke6 42. Bg3 Qe4 43. Qxe5+ Qxe5 44. Bxe5 Rf8 45. Bg3 Rf3 46. Re2+ Kd7 47. Rc2 Rf1 48. Rf2 Rh1+ 49. Bh2 Ke7 50. g5 Re1 51. Kg3 Ra1 52. Kg4 Rxa3 53. Be5 a5 54. Bf6+ Kd6 55. Re2 d4 56. cxd4 cxd4 57. Be7+ 1-0

[Event "Landesklasse Ost 2025/26"]
[Site "?"]
[Date "2025.11.23"]
[Round "3.1"]
[White "Röder, Bastian"]
[Black "Klebe, Jan"]
[Result "1/2-1/2"]
[WhiteElo "1837"]
[BlackElo "2015"]
[WhiteFideId "-1"]
[BlackFideId "-1"]
[PlyCount "34"]
[GameId "551502608406"]
[EventDate "2025.09.14"]
[EventType "team-tourn"]
[EventRounds "9"]
[SourceTitle "Thueringer Schachbund"]
[Source "ThSB"]
[SourceDate "2025.09.14"]
[SourceVersion "1"]
[SourceVersionDate "2025.09.14"]
[SourceQuality "1"]
[WhiteTeam "SC Rochade Zeulenroda"]
[BlackTeam "SV Thuringia Königsee"]

1. e4 d5 2. exd5 Nf6 3. d4 Bg4 4. Be2 Bxe2 5. Nxe2 Qxd5 6. O-O Nc6 7. c3 O-O-O 8. Qb3 e5 9. Be3 Qxb3 10. axb3 a6 11. Na3 exd4 12. Nxd4 Ne5 13. h3 Nd5 14. Nac2 g6 15. Rad1 c5 16. Ne2 Be7 17. c4 Nc7 1/2-1/2

[Event "Landesklasse Ost 2025/26"]
[Site "?"]
[Date "2025.11.23"]
[Round "3.2"]
[White "Kreutzmann, Henry"]
[Black "Glock, Benjamin"]
[Result "1-0"]
[WhiteElo "1775"]
[BlackElo "1886"]
[WhiteFideId "-1"]
[BlackFideId "-1"]
[PlyCount "83"]
[GameId "551503062940"]
[EventDate "2025.09.14"]
[EventType "team-tourn"]
[EventRounds "9"]
[SourceTitle "Thueringer Schachbund"]
[Source "ThSB"]
[SourceDate "2025.09.14"]
[SourceVersion "1"]
[SourceVersionDate "2025.09.14"]
[SourceQuality "1"]
[WhiteTeam "SV Thuringia Königsee"]
[BlackTeam "SC Rochade Zeulenroda"]

1. c4 Nf6 2. Nc3 e6 3. Nf3 d5 4. e3 Be7 5. b3 O-O 6. Be2 c5 7. cxd5 exd5 8. d4 Nc6 9. O-O Bf5 10. Bb2 Re8 11. Rc1 cxd4 12. Nxd4 Bg6 13. Bb5 Rc8 14. Nce2 Qb6 15. Nf4 Red8 16. Nxg6 hxg6 17. Bd3 Ne4 18. Qg4 Ne5 19. Qxc8 Rxc8 20. Rxc8+ Kh7 21. Be2 Bf6 22. f4 Nc4 23. Rf3 Bh4 24. Rh3 g5 25. Bxc4 Qa5 26. Bf1 Qe1 27. Rc2 g4 28. Re2 gxh3 29. Rxe1 Bf2+ 30. Kh1 Bxe1 31. gxh3 Bd2 32. Nc2 Nf2+ 33. Kg2 Nd1 34. Bd4 b6 35. Be2 Nc3 36. Bxc3 Bxc3 37. Bf3 Kg6 38. Bxd5 f6 39. Nd4 Bd2 40. Kf3 Kh5 41. Be6 g5 42. Bg4+ 1-0

[Event "Landesklasse Ost 2025/26"]
[Site "?"]
[Date "2025.11.23"]
[Round "3.3"]
[White "Urinov, Bekzod"]
[Black "Häusler, Willi"]
[Result "1-0"]
[WhiteElo "1979"]
[BlackElo "1725"]
[WhiteFideId "-1"]
[BlackFideId "-1"]
[PlyCount "67"]
[GameId "551504147555"]
[EventDate "2025.09.14"]
[EventType "team-tourn"]
[EventRounds "9"]
[SourceTitle "Thueringer Schachbund"]
[Source "ThSB"]
[SourceDate "2025.09.14"]
[SourceVersion "1"]
[SourceVersionDate "2025.09.14"]
[SourceQuality "1"]
[WhiteTeam "SC Rochade Zeulenroda"]
[BlackTeam "SV Thuringia Königsee"]

1. e4 e5 2. Nf3 Nc6 3. Bb5 a6 4. Ba4 Nf6 5. O-O b5 6. Bb3 Be7 7. d3 O-O 8. c3 d5 9. exd5 Nxd5 10. h3 Kh8 11. Re1 Nf4 12. Nxe5 Nxe5 13. Rxe5 Nxd3 14. Rd5 Bd6 15. Rxd3 Qf6 16. Nd2 Qg6 17. Nf1 Bf5 18. Re3 Bf4 19. Rg3 Bxg3 20. Nxg3 Rad8 21. Qf3 Bd7 22. Be3 a5 23. Bc5 a4 24. Bd5 Qc2 25. Bxf8 Rxf8 26. Qe2 Qg6 27. Re1 f5 28. Qh5 Qd6 29. Bf3 a3 30. b3 Qd2 31. Rd1 Qxa2 32. Rxd7 Qc2 33. Qf7 Rg8 34. Bd5 1-0

[Event "Landesklasse Ost 2025/26"]
[Site "?"]
[Date "2025.11.23"]
[Round "3.4"]
[White "Möller, Frank"]
[Black "Prütting, Marcus"]
[Result "0-1"]
[WhiteElo "1801"]
[BlackElo "1873"]
[WhiteFideId "-1"]
[BlackFideId "-1"]
[PlyCount "52"]
[GameId "551530307008"]
[EventDate "2025.09.14"]
[EventType "team-tourn"]
[EventRounds "9"]
[SourceTitle "Thueringer Schachbund"]
[Source "ThSB"]
[SourceDate "2025.09.14"]
[SourceVersion "1"]
[SourceVersionDate "2025.09.14"]
[SourceQuality "1"]
[WhiteTeam "SV Thuringia Königsee"]
[BlackTeam "SC Rochade Zeulenroda"]

1. c4 g6 2. Nc3 Bg7 3. g3 c5 4. Bg2 Nc6 5. Nf3 e6 6. O-O Nge7 7. d3 O-O 8. Ne4 d6 9. Rb1 b6 10. h3 Bb7 11. Bg5 f6 12. Bf4 e5 13. Bd2 Qd7 14. Qc1 Nd8 15. Nh2 f5 16. Nc3 Bxg2 17. Kxg2 Ne6 18. Bh6 Qc6+ 19. Kg1 Rae8 20. Bxg7 Kxg7 21. Nf3 h6 22. b4 e4 23. Ne1 exd3 24. Nxd3 Nd4 25. bxc5 bxc5 26. Nb5 Nxe2+ 0-1

[Event "Landesklasse Ost 2025/26"]
[Site "?"]
[Date "2025.11.23"]
[Round "3.5"]
[White "Fuchs, Antje"]
[Black "Steiger, Bernd"]
[Result "1-0"]
[WhiteElo "1929"]
[BlackElo "1777"]
[WhiteFideId "-1"]
[BlackFideId "-1"]
[PlyCount "64"]
[GameId "551530982967"]
[EventDate "2025.09.14"]
[EventType "team-tourn"]
[EventRounds "9"]
[SourceTitle "Thueringer Schachbund"]
[Source "ThSB"]
[SourceDate "2025.09.14"]
[SourceVersion "1"]
[SourceVersionDate "2025.09.14"]
[SourceQuality "1"]
[WhiteTeam "SC Rochade Zeulenroda"]
[BlackTeam "SV Thuringia Königsee"]

1. e4 e5 2. Nf3 Nc6 3. Bb5 a6 4. Ba4 Nf6 5. O-O Be7 6. c3 b5 7. Bc2 d6 8. h3 O-O 9. d3 h6 10. Nh2 Nh7 11. f4 exf4 12. Bxf4 Kh8 13. Nd2 Bg5 14. d4 Bxf4 15. Rxf4 Qg5 16. Rf2 Bd7 17. Ndf3 Qh5 18. Qd3 Ng5 19. Raf1 Rae8 20. e5 g6 21. exd6 Bf5 22. Qd2 Bxc2 23. Nxg5 Qxg5 24. Qxc2 cxd6 25. Rxf7 Rxf7 26. Rxf7 Re1+ 27. Nf1 Qe3+ 28. Kh2 Qe6 29. Qf2 Re2 30. Qf4 g5 31. Qf3 Rxb2 32. Rf6 Qe2 1-0

[Event "Landesklasse Ost 2025/26"]
[Site "?"]
[Date "2025.11.23"]
[Round "3.6"]
[White "Quandt, Friedbert"]
[Black "Skibbe, Diana"]
[Result "0-1"]
[WhiteElo "1648"]
[BlackElo "1885"]
[WhiteFideId "-1"]
[BlackFideId "-1"]
[PlyCount "48"]
[GameId "551531574867"]
[EventDate "2025.09.14"]
[EventType "team-tourn"]
[EventRounds "9"]
[SourceTitle "Thueringer Schachbund"]
[Source "ThSB"]
[SourceDate "2025.09.14"]
[SourceVersion "1"]
[SourceVersionDate "2025.09.14"]
[SourceQuality "1"]
[WhiteTeam "SV Thuringia Königsee"]
[BlackTeam "SC Rochade Zeulenroda"]

1. d4 Nf6 2. Bf4 g6 3. e3 Bg7 4. Nf3 d6 5. c4 c5 6. d5 Nh5 7. Nc3 Nxf4 8. exf4 Qb6 9. Qb3 Qxb3 10. axb3 Na6 11. Bd3 Nb4 12. Bb1 O-O 13. O-O Bg4 14. Ne1 a6 15. h3 Bd7 16. Kh2 b5 17. Ra5 Rfb8 18. Nd3 bxc4 19. bxc4 Nxd3 20. Bxd3 Rxb2 21. Nb5 Bc8 22. Rb1 Rxb1 23. Bxb1 Rb8 24. Na3 Bc3 0-1